| 000 | 00474nam a2200145 a 4500 | ||
|---|---|---|---|
| 008 | 120416s0000 ||||||||||||||||| || u | ||
| 020 | _a0906495369 | ||
| 050 | _aPR 9165.E4T5 | ||
| 100 | _aKemal, Yashar | ||
| 245 | 1 | 0 | _aThey burn the thistles |
| 260 |
_aLondon _bWriters and Readers Publishing _c1982 |
||
| 300 | _a412p. | ||
| 350 | _a0.00 | ||
| 995 |
_D0.00 _FCBU-MAIN LIBRARY (Kitwe) _H1 _I8.95 _M1 _UDAMAGED _ZFiction Collection |
||
| 999 |
_c59831 _d59831 |
||